CLINICAL SUCCESS IN EARLY ORTHO TREATMENT (Record no. 4469)

MARC details
000 -LEADER
fixed length control field 00377nam a2200145Ia 4500
008 - FIXED-LENGTH DATA ELEMENTS--GENERAL INFORMATION
fixed length control field 150201s2005 xx 000 0 und d
082 ## - DEWEY DECIMAL CLASSIFICATION NUMBER
Classification number 617.643
Item number C2005P
100 ## - MAIN ENTRY--PERSONAL NAME
Personal name PATTI, MAHESH
245 ## - TITLE STATEMENT
Title CLINICAL SUCCESS IN EARLY ORTHO TREATMENT
250 ## - EDITION STATEMENT
Edition statement 1ST
260 ## - PUBLICATION, DISTRIBUTION, ETC. (IMPRINT)
Name of publisher, distributor, etc. QUINTESSENCE PUBLICATION
Place of publication, distribution, etc. CHICAGO
Date of publication, distribution, etc. 2005
300 ## - PHYSICAL DESCRIPTION
Extent 1-124
650 ## - SUBJECT ADDED ENTRY--TOPICAL TERM
Topical term or geographic name as entry element ORTHODONTICS
942 ## - ADDED ENTRY ELEMENTS (KOHA)
Source of classification or shelving scheme Dewey Decimal Classification
Koha item type Books
Holdings
Withdrawn status Lost status Source of classification or shelving scheme Damaged status Not for loan Home library Current library Date acquired Source of acquisition Cost, normal purchase price Serial Enumeration / chronology SGTU Bill Number Total Checkouts Full call number Barcode Date last seen Bill Date Koha item type
    Dewey Decimal Classification     SGT Dental Library SGT Dental Library 28/10/2010 PASSI PUBLICATION 4134.00 1 SGTU QB/245/2010   617.643 C2005P FD6060 09/02/2015 22/03/2013 Books